000 00538nam a2200181Ia 4500
008 100917s9999 xx 000 0 und d
082 _b27144
100 _aबोरगावकर शकुंतला
245 _aजावई चालून आला
260 _bश्री भास्कर गोळे
_c1976
300 _a120
365 _b8
520 _aकथा
630 _aजावई चालून आला
650 _aकथा
730 _aजावई चालून आला
942 _cBOOK
999 _c632538
_d632535